1960s Hanna Barbera cartoons - Statistics

General Stats
  • This quiz has been taken 1,687 times
  • The average score is 8 of 18
Answer Stats
Hint Answer % Correct
A modern, stoneage family The Flintstones
93%
Family living in Orbit City in the year 2062 The Jetsons
91%
Picnic Basket Stealing bear and his little buddy The Yogi Bear Show
89%
Zoinks! Jinkies! Ruh-roh! Scooby Doo, Where Are You?
76%
Marvel Comic's foursome Fantastic Four
58%
Gang of Manhattan alley cats Top Cat
55%
"Oh my darlin'" singing dog The Huckleberry Hound Show
54%
Fights villains in outer space (and now is coast-to-coast) Space Ghost
41%
Zany driving competition Wacky Races
38%
A boy goes with his dad on extraordinary adventures Jonny Quest
37%
Superheroic social insect/secret agent aboreal rodent The Atom Ant/Secret Squirrel Show
36%
Mr. Peebles pet shop window is home The Magilla Gorilla Show
33%
Cajun alligator in a city zoo Wally Gator
28%
'El Kabong' and Baba Looey The Quick Draw McGraw Show
27%
The Ant Hill Mob save damsel from the Hooded Claw Perils of Penelope Pitstop
20%
Winged, sun-powered superhero and three extraterrestrial heroes Birdman and the Galaxy Trio
13%
Man and mutt try to stop the pigeon Dastardly and Muttley in Their Flying Machines
13%
Big, purple explorer in his time-traveling hot air balloon The Peter Potamus Show
8%
No matching quizzes found
Score Distribution
Percent of People with Each Score
Percentile by Number Answered
Your Score History
You have not taken this quiz